|
|
|
|
| LEADER |
00000nab a2200000 a 4500 |
| 001 |
vtls001022113 |
| 003 |
SK-MaSNL |
| 005 |
20260303042506.0 |
| 008 |
040720e19940113xo 0 slo |
| 035 |
|
|
|a SL704
|
| 040 |
|
|
|a SLLK
|b slo
|c SLLK
|e AACR2
|
| 041 |
0 |
|
|a slo
|
| 044 |
|
|
|a xo
|c SK
|
| 080 |
|
|
|a 323.15
|2 1981
|
| 100 |
1 |
|
|a Zima, Štefan
|4 aut
|9 268992
|
| 245 |
1 |
0 |
|a Dedina, ako jedna rodina
|b pred výročnými členskými schôdzami
|c Štefan Zima
|
| 610 |
2 |
7 |
|a Zväz Rusínov-Ukrajincov Slovenskej republiky
|2 SLLK
|9 18604
|
| 650 |
0 |
7 |
|a rada
|2 SLLK
|9 1028698
|
| 650 |
0 |
7 |
|a zasadnutia
|2 SLLK
|9 372516
|
| 650 |
0 |
7 |
|a priebeh
|2 SLLK
|9 29559
|
| 651 |
|
7 |
|a Stará Ľubovňa (Slovensko)
|2 SLLK
|9 19193
|
| 773 |
0 |
8 |
|t Ľubovnianske noviny
|g Roč. 20, č.2, 13.1.1994, s. 2
|
| 852 |
|
|
|a ZVYKNI
|b KIS3GCP
|
| 999 |
|
|
|c 1692355
|d 1694285
|